| 000 | 00000nas 2200000za 4500 |
| 001 | 9.512498 |
| 003 | CaOODSP |
| 005 | 20210413152543 |
| 007 | cr ||||||||||| |
| 008 | 150406d20132015oncar p o||||f| |0eng|d |
| 022 | |a2292-1893 |
| 040 | |aCaOODSP|beng |
| 043 | |an-cn--- |
| 086 | 1 |aH1-9/29E-PDF |
| 245 | 00|aBook of plain language summaries, Health Canada Science Forum |h[electronic resource]. |
| 260 | |aOttawa : |bHealth Canada |
| 310 | |aAnnual |
| 362 | 1 |aBegan with 2013; ceased with 2015. |
| 710 | 1 |aCanada. |bHealth Canada. |
| 775 | 08|tRecueil de résumés rédigés dans un langage clair, Forum scientifique de Santé Canada |w(CaOODSP)9.515861 |
| 780 | 00|tBook of abstracts - Health Canada Science Forum |w(CaOODSP)9.506071 |